000 00349nam a2200133 a 4500
001 000044657
005 20201002045531.0
008 141215s2014 dr 000 0 spa d
040 _aDO-SdBNP
_bspa
_cBNPHU
082 _axxxx
_bxxxx
245 0 0 _aCuernos.com /
_cEnigma.
260 _aSanto Domingo :
_bConadex, SRL,
_c2014.
300 _a141 p. ;
_c16 cm.
999 _c44146
_d44146